Pokémon- Retrouve l'attaque/la capacité par rapport à sa description - Statistiques

Statistiques générales
  • Ce quiz a été pris 60 fois
  • Le résultat moyen est 25 sur 30
Statistiques - réponses
Description Capacité % Correct
Un rayon de glace frappe la cible, ce qui peut aussi la geler. Laser Glace
98%
Le lanceur provoque un tremblement de terre touchant tous les Pokémon autour de lui. Séisme
98%
Une énorme vague s'abat sur le champ de bataille et inflige des dégâtsà tous les Pokémon autour du lanceur. Surf
98%
Une violente tempête de neige s'abat sur la cible, ce qui peut aussi la geler. Blizzard
95%
Lance du sable au visage de la cible pour baisser sa Précision. Jet de Sable
95%
Une puissante force télékinétique frappe la cible, ce qui peut aussi faire baisser sa Défense Spéciale. Psyko
95%
Le lanceur creuse au premier tour et frappe au second. Tunnel
95%
Le lanceur utilise une de ses capacités au hasard. Il ne peut utiliser cette capacité que quand il dort. Blabla Dodo
93%
Le lanceur explose en blessant tous les Pokémon autour de lui. Le lanceur tombe K.O. Destruction
93%
Des feuilles aiguisées comme des rasoirs entaillent la cible. Taux de critiques élevé. Tranch'Herbe
93%
Une explosion lumineuse qui baisse la Précision de l'ennemi. Permet aussi d'éclairerles grottes trop sombres. Flash
91%
Une feuille coupante comme une lame entaille la cible. Taux de critiques élevé. Lame Feuille
91%
Le lanceur bondit très haut et plonge sur la cible au second tour, ce qui peut aussi la paralyser. Rebond
91%
Le lanceur se déplace si vite qu'il crée des copies illusoires de lui-même, augmentant son Esquive. Reflet
91%
Effraie le Pokémon ennemi et le remplace par un autre. Lors d'un combat contre un Pokémon sauvage seul, met fin au combat. Hurlement
89%
Le lanceur devient une copie de sa cible et obtient la même palette de capacités. Morphing
89%
Le lanceur fonce sur la cible si rapidement qu'on parvient à peine à le discerner. Frappe en priorité. Vive-Attaque
89%
Le lanceur bat des ailes pour générer une bourrasque qui blesse la cible. Tornade
86%
Un faible choc électrique paralyse la cible. Cage Eclair
80%
La cible est projetée grâce au pouvoir de la gravité. Cette capacité inflige des dégâts égaux au niveau du lanceur. Frappe Atlas
80%
La cible reçoit un torrent de flammes qui peut aussi la brûler. Lance-Flammes
80%
Une lumière étrange qui plonge la cible dans un état de confusion. Onde Folie
80%
Le lanceur souffle fort sur la cible pour lui infliger des dégâts, ce qui peut aussi la paralyser. Draco-Souffle
75%
Ligote l'ennemi avec les tentacules ou le corps pour l'écraser durant quatre à cinq tours. Etreinte
75%
Le lanceur projette une grande ombre sur la cible qui peut aussi faire baisser la Défense Spéciale de celle-ci. Ball'Ombre
73%
Le lanceur se concentre avant d'attaquer. Échoue s'il est touché avant d'avoir frappé. Mitra-Poing
70%
Le lanceur empoisonne gravement la cible. Les dégâts dus au poison augmentent à chaque tour. Toxik
70%
Une attaque dont le type dépend du Pokémon qui l'utilise. Puissance Cachée
66%
Le lanceur soulève une pierre et la lance sur la cible. Jet-Pierres
64%
Attaque l'ennemi avec un tentacule, un bras, ou un autre membre plein de poison. Peut aussi l'empoisonner. Direct Toxik
55%
Aucun quiz correspondant
Distribution des résultats
% des personnes avec chaque résultat
Percentile par nombre de réponses
Votre historique - résultats
Vous n’avez pas pris ce quiz